| 000 | 00679nam a2200205 a 4500 | ||
|---|---|---|---|
| 001 | 1026 | ||
| 005 | 20140414131906.0 | ||
| 008 | 041014s19uu xx 00 eng d | ||
| 020 | _a0-679-87696-0 | ||
| 050 |
_aFIC _bH11 1996 |
||
| 100 | _aHayes, Geoffrey | ||
| 245 |
_aSwamp of the hideous zombies / _cGeoffrey Hayes. |
||
| 260 |
_aNew York : _bRandom House, _c1996. |
||
| 300 | _a71 p. : ill. ; cm. | ||
| 440 | _aA First Stepping Stone Book | ||
| 520 | _aWhen a creepy fortune-teller moves into Boogie Bay one by one people begin to disappear, Otto feels sure zombie monsters are at work. | ||
| 650 |
_aMonsters _xFiction. |
||
| 650 | _aHorror stories. | ||
| 999 |
_c110980 _d110980 |
||